El rosa Tiepolo / (Record no. 104528)

MARC details
000 -LEADER
fixed length control field 00681nam a22002177a 4500
005 - DATE AND TIME OF LATEST TRANSACTION
control field 20151015125656.0
008 - FIXED-LENGTH DATA ELEMENTS--GENERAL INFORMATION
fixed length control field 151015b sp||||| |||| 00| 0 spa d
020 ## - INTERNATIONAL STANDARD BOOK NUMBER
International Standard Book Number 9788433975003
050 04 - LIBRARY OF CONGRESS CALL NUMBER
Classification number ND623.T5
Item number C35 2009
100 1# - MAIN ENTRY--PERSONAL NAME
Personal name Calasso, Roberto
245 13 - TITLE STATEMENT
Title El rosa Tiepolo /
Remainder of title roberto Calasso ; Traducción de Edgardo Dobry
250 ## - EDITION STATEMENT
Edition statement 1a ed.
260 ## - PUBLICATION, DISTRIBUTION, ETC. (IMPRINT)
Place of publication, distribution, etc México :
Name of publisher, distributor, etc Editorial Anagrama,
Date of publication, distribution, etc 2009
300 ## - PHYSICAL DESCRIPTION
Extent 307 p. :
Other physical details il. ;
Dimensions 22 cm.
440 #0 - SERIES STATEMENT/ADDED ENTRY--TITLE
Title Panoramas de narrativas ;
Volume number/sequential designation 718
500 ## - GENERAL NOTE
General note Traducción de : Il rosa Tiepolo
504 ## - BIBLIOGRAPHY, ETC. NOTE
Bibliography, etc Incluye indice
600 14 - SUBJECT ADDED ENTRY--PERSONAL NAME
Personal name Tiepolo, Giovanni Battista,
Dates associated with a name 1696-1770
700 1# - ADDED ENTRY--PERSONAL NAME
Personal name Dobry, Edgardo,
Fuller form of name tr.
942 ## - ADDED ENTRY ELEMENTS (KOHA)
Source of classification or shelving scheme Biblioteca del Cogreso de los Estados Unidos
Koha item type Libro
Holdings
Estado de pérdida Fuente de clasificación Estado del daño No para préstamo Ubicación permanente Ubicación actual Apartado o colección Fecha de adquisición Edición Enumeración de Serie / Cronológica Área del conocimiento Clasificación Código de Barras Date last seen Número de copia Tipo de recurso Nota pública
  Biblioteca del Cogreso de los Estados Unidos     Biblioteca de la Facultad de Letras Biblioteca de la Facultad de Letras General 15/10/2015 1a ed. LLH000007173 Educación y Humanidades ND623.T5 C35 2009 LLH000007173 15/10/2015 C:1 Libro General